Statistiques concernant Départements français avec le plus de députés

Cliquez ici pour prendre le quiz!

Statistiques générales

  • Ce quiz a été pris 232 fois
  • Le résultat moyen est 8 sur 10

Statistiques - réponses

DéputésDépartements% Correct
18Paris
99%
21Nord
93%
14Rhône
91%
16Bouches-du-Rhône
90%
12Gironde
82%
12Seine-Saint-Denis
81%
12Pas-de-Calais
79%
13Hauts-de-Seine
78%
12Yvellines
75%
11Seine-et-Marne
70%

Distribution des résultats

Percentile par nombre de réponses

% des personnes avec chaque résultat

Votre développement - résultats

Vous n’avez pas pris ce quiz